Responses for show #4196 - Monday, November 25, 2002

New set.
Time-lapse transition from old set to new set.

Contestants

Todd Nacey, a preschool teacher from La Puente, California

Faith Love, a systems analyst from Boyds, Maryland

Matthew Temple, a director of international business development from Los Angeles, California (whose 1-day cash winnings total $4,799)

Jeopardy! Round responses

CANADIAN HISTORY
'70s TV
FACTS FROM ALMANACS
CORPORATE HEADQUARTERS
HURRY "UP"!
KEEP YOUR PANTHEON
    $200 11
(Todd: What is Nova Scotia?)

New Brunswick

MatthewTodd
    $200 3
WKRP in Cincinnati

Todd
    $200 7
New Orleans

Todd
    $200 1
aluminum

Todd
    $200 8
update

Todd
    $200 23
China

Faith
    $400 16
NATO (North Atlantic Treaty Organization)

Todd
    $400 5
Maude

Matthew
    $400 10
(Todd: What is Mercury?)

Venus

MatthewTodd
    $400 2
Istanbul

Faith
    $400 18
upstage

Todd
    $400 17
Hinduism

Todd
    $600 4
Quebec

Faith
    $600 6
the Hardy Boys

Todd
    $600 20
Puerto Rico

Faith
    $600 9
Boeing

Todd
    $600 19
upkeep

Matthew
    $600 24
Arabic Peninsula

Todd
    $800 14
(Todd: What is the National Film Bureau?)

National Film Board of Canada

Todd
Triple Stumper
    $800 12
Angie Dickinson

Todd
    $800 27
run for president

Matthew
    $800 29
Universal

Matthew
    $800 21
upsilon

Faith
    $800 25
(Alex: Less than a minute to go now, Faith.)

Egyptians

Faith
    $1000 15
Hudson's Bay Company

Matthew
    $1000 13
Tabitha

Todd
    $1000 28
Edmond Halley

Todd
    $1000 30
San Jose

Matthew
    $1000 22
Upper Peninsula

Faith
    $1,600 26
Welsh

Faith

Scores at the first commercial break (after clue 13):

Matthew Faith Todd
$1,000 $1,000 $3,200

Scores at the end of the Jeopardy! Round:

Matthew Faith Todd
$5,200 $6,000 $5,200

Double Jeopardy! Round responses

IRIDIUM
SPECIAL EFFECTS
ERIE COINCIDENCE
GRAB BAG
THEATRE CROSSWORD CLUES "M"
SLANG
    $400 24
discovered iridium

Todd
    $400 12
(Faith: What is "A Clockwork Orange?")

2001: A Space Odyssey

FaithTodd
    $400 1
(Todd: What is Pennsylvania?)

New York

MatthewTodd
    $400 3
The Flag of the United States of America

Faith
    $400 4
(Todd: Who is Romeo?)

Maria

MatthewTodd
    $400 17
knife

Todd
    $800 27
Ir

Todd
    $800 14
strobe light

Todd
    $800 2
Lake Huron

Todd
    $800 7
(Todd: What is Clyde?)

Clydesdale

FaithTodd
    $800 5
Marcel

Todd
    $800 6
narc

Triple Stumper
    $1200 28
asteroid/meteorite hitting the Earth

Matthew
    $1200 21
James Cameron

Matthew
    $1200 13
Pennsylvania

Todd
    $1200 11
"East of Eden"

Todd
    $1200 8
Maggie

Triple Stumper
    $1200 18
honcho

Todd
    $7,000 29
(Matthew: What is mercury?)
[The end-of-round signal sounds.]

platinum

Matthew
    $1600 22
squib

Faith
    $7,500 25
(Todd: What is the St. Lawrence?)
....
(Alex: We have a minute to go.)

Niagara River

Todd
    $1600 15
Jupiter

Faith
    $1600 9
Marsha

Faith
    $1600 19
(Todd: What is making a U-turn?)

making a turn (left or right)

MatthewTodd
    $2000 23
Ray Harryhausen

Triple Stumper
    $2000 26
(Matthew: Who is John Paul Jones?)

Oliver Hazard Perry

Matthew
Triple Stumper
    $2000 16
circadian rhythms

Faith
    $2000 10
Marietta

Todd
    $2000 20
hoofer

Faith

Scores at the end of the Double Jeopardy! Round:

Matthew Faith Todd
$1,000 $15,600 $4,500
(lock game)

[wagering suggestions for these scores]

Final Jeopardy! Round responses

POTENT POTABLES
MatthewWhat is Pepsi?
$0
ToddWhat is Hola, Carolina ♥
$0
FaithWhat is Carling's Black Label?
$6,599
Pabst Blue Ribbon beer

Final scores:

Matthew Faith Todd
$1,000 $9,001 $4,500
3rd place: $1,000 New champion: $9,001 2nd place: $2,000

Game dynamics:

Coryat scores:

Matthew Faith Todd
$8,000 $15,000 $12,000
13 R,
2 W
(including 1 DD)
15 R
(including 1 DD),
1 W
24 R,
8 W
(including 1 DD)

Combined Coryat: $35,000

The J! Archive is created by fans, for fans. The Jeopardy! game show and all elements thereof, including but not limited to copyright and trademark thereto, are the property of Jeopardy Productions, Inc. and are protected under law. This website is not affiliated with, sponsored by, or operated by Jeopardy Productions, Inc. Join the discussion at JBoard.tv.